000 00535 a2200181 4500
003 OSt
005 20231214161527.0
008 231214b |||||||| |||| 00| 0 eng d
020 _a9789393969163
040 _coclc894.812
082 _a894.8128
_bIND/M
100 _aIndusree S.R.
_910125
245 _aMalayalikalude Mithukal- Samakalapadanangal /
_cIndusree S.R.
250 _a1st ed.
260 _aKozhikode:
_bAtma Books,
_c2022.
300 _a172p.
942 _2ddc
_cBK
_h894.8128
_k894.8128
_iIND/M
_mIND/M
999 _c44125
_d44125